000 00365 a2200157 4500
001 61516
020 _a9788572723046
040 _cAnchieta - Pituba
100 _aJeosafá
240 1 0 _aO espelho de Machado de Assis em HQ
_lpor
245 1 0 _aO espelho de Machado de Assis em HQ
300 _a64
362 0 _a2012
650 4 _aLiteratura juvenil
942 _cBK
999 _c61516
_d61516